00341nam a2200133Ia 4500020001500000082001400015100002300029245005700052260003400109300000900143650001000152700002500162700002000187 a0700716335 a952 NAK-; aNakasone, Yasuhiro 0aJapan: a state strategy for the twenty-first century aLondonbRoutledgeCurzonc2002 a234p aJAPAN aHood, Christopher P. aConnors, Lesley